UEFA Euro 1988 - Teams - Statistics

General Stats
  • This quiz has been taken 31 times
  • The average score is 7 of 8
Answer Stats
Squadra % Correct
Italy
96%
Spain
96%
West Germany
96%
Denmark
93%
England
93%
Netherlands
93%
Ireland
89%
Soviet Union
89%
No matching quizzes found
Score Distribution
Percent of People with Each Score
Percentile by Number Answered
Your Score History
You have not taken this quiz